[Event "Baltic Sea Cup"]
[Site "Ronne"]
[Date "2007.08.02"]
[Round "5.17"]
[White "Zhao, Parker"]
[Black "Lauridsen, Jesper Morch"]
[Result "1/2-1/2"]
[WhiteElo "2180"]
[BlackElo "2302"]
[PlyCount "130"]
[EventDate "2007.??.??"]
[EventType "swiss"]
[EventRounds "9"]
[EventCountry "DEN"]
[SourceDate "2005.12.01"]
[WhiteTeam "Denmark"]
[BlackTeam "Denmark"]
[WhiteTeamCountry "DEN"]
[BlackTeamCountry "DEN"]

1. e4 c5 2. Nf3 Nc6 3. d4 cxd4 4. Nxd4 g6 5. c4 Bg7 6. Be3 Nf6 7. Nc3 O-O 8. f3
d6 9. Be2 Bd7 10. O-O Nxd4 11. Bxd4 a5 12. Qd2 Bc6 13. Nd5 Nd7 14. Bxg7 Kxg7
15. f4 f6 16. b3 e6 17. Nc3 Qb6+ 18. Kh1 Nc5 19. Qe3 a4 20. Rab1 axb3 21. axb3
Qa7 22. Bf3 e5 23. Rfd1 Rfd8 24. b4 Ne6 25. Qxa7 Rxa7 26. fxe5 fxe5 27. Ra1
Rxa1 28. Rxa1 Rc8 29. Bg4 Bd7 30. Ra7 Rxc4 31. Rxb7 Rxc3 32. Rxd7+ Kh6 33. Rxd6
Ng5 34. h3 Nxe4 35. Re6 Kg5 36. Rxe5+ Kf4 37. Re8 Kg3 38. Rc8 Rb3 39. Rc1 Rb2
40. Re1 Nf2+ 41. Kg1 Nxg4 42. hxg4 Rxg2+ 43. Kf1 Rf2+ 44. Kg1 Rb2 45. g5 Rb3
46. Rc1 Kg4 47. Rc7 Rxb4 48. Rxh7 Kg3 49. Rf7 Rb5 50. Rf1 Rxg5 51. Ra1 Rf5 52.
Ra3+ Rf3 53. Ra5 Kg4 54. Kg2 Rg3+ 55. Kh2 Rb3 56. Kg2 Rb2+ 57. Kg1 g5 58. Ra4+
Kg3 59. Ra3+ Kh4 60. Ra4+ g4 61. Ra3 Rb4 62. Kg2 Re4 63. Rb3 Kg5 64. Kg3 Rf4
65. Ra3 Rf3+ 1/2-1/2

[Event "Baltic Sea Cup"]
[Site "Ronne"]
[Date "2007.08.02"]
[Round "5.18"]
[White "Carstensen, Jacob"]
[Black "Christensen, Janus"]
[Result "1/2-1/2"]
[WhiteElo "2304"]
[BlackElo "2137"]
[PlyCount "134"]
[EventDate "2007.??.??"]
[EventType "swiss"]
[EventRounds "9"]
[EventCountry "DEN"]
[SourceDate "2005.12.01"]
[WhiteTeam "Denmark"]
[BlackTeam "Denmark"]
[WhiteTeamCountry "DEN"]
[BlackTeamCountry "DEN"]

1. d4 Nf6 2. Nf3 c5 3. d5 g6 4. g3 Bg7 5. Bg2 O-O 6. Nc3 d6 7. O-O Bd7 8. a4
Na6 9. Nd2 Nc7 10. Nc4 b5 11. axb5 Nxb5 12. Nxb5 Bxb5 13. Na5 c4 14. Ra3 Qc7
15. c3 Rab8 16. Be3 e6 17. dxe6 fxe6 18. h3 Rfd8 19. b3 d5 20. Qc1 cxb3 21.
Nxb3 Bxe2 22. Re1 Bc4 23. Rxa7 Qd6 24. Bf4 Qb6 25. Rxg7+ Kxg7 26. Nd4 Ne4 27.
Bxe4 dxe4 28. Bxb8 Rxb8 29. Rxe4 Qb1 30. Re1 Qxc1 31. Rxc1 Kf6 32. Nc2 Ke5 33.
Re1+ Kd6 34. Ne3 Ba2 35. Rd1+ Ke5 36. Ng4+ Kf5 37. Re1 Rb5 38. Ra1 Rb2 39. Re1
g5 40. Re5+ Kg6 41. Ne3 Rb1+ 42. Kh2 h5 43. h4 g4 44. c4 Rb6 45. Ng2 Bxc4 46.
Nf4+ Kf6 47. Rc5 Ba6 48. Nxh5+ Ke7 49. Rc7+ Kf8 50. Nf6 Rb4 51. Nd7+ Ke8 52.
Ne5 Kf8 53. Rf7+ Kg8 54. Rf6 Re4 55. Rxe6 Be2 56. h5 Bf3 57. h6 Re2 58. h7+
Kxh7 59. Nxf3 Rxf2+ 60. Kg1 Rxf3 61. Kg2 Rc3 62. Re4 Rc2+ 63. Kg1 Kg6 64. Rxg4+
Kh5 65. Rf4 Kg5 66. Rf2 Rxf2 67. Kxf2 Kg4 1/2-1/2

[Event "Baltic Sea Cup"]
[Site "Ronne"]
[Date "2007.08.02"]
[Round "5.19"]
[White "Carlstedt, Jonathan"]
[Black "Hartvig, Ove Weiss"]
[Result "1-0"]
[WhiteElo "2083"]
[BlackElo "2232"]
[PlyCount "55"]
[EventDate "2007.??.??"]
[EventType "swiss"]
[EventRounds "9"]
[EventCountry "DEN"]
[SourceDate "2005.12.01"]
[WhiteTeam "Denmark"]
[BlackTeam "Denmark"]
[WhiteTeamCountry "DEN"]
[BlackTeamCountry "DEN"]

1. c4 g6 2. g3 Bg7 3. Bg2 f5 4. Nc3 e5 5. d3 Nc6 6. e3 Nf6 7. Nge2 O-O 8. O-O
Kh8 9. Qd2 Ne7 10. b3 c6 11. Ba3 d6 12. f4 Qc7 13. Rad1 Re8 14. fxe5 dxe5 15.
d4 Bh6 16. d5 Ng4 17. Kh1 Ng8 18. d6 Qd7 19. Rf3 b6 20. Bb2 Bb7 21. c5 N4f6 22.
Nc1 bxc5 23. Rff1 Rad8 24. Na4 Ba8 25. Nxc5 Qg7 26. d7 Nxd7 27. Nxd7 Nf6 28.
Nxf6 1-0

[Event "Baltic Sea Cup"]
[Site "Ronne"]
[Date "2007.08.02"]
[Round "5.20"]
[White "Rasmussen, Morten"]
[Black "Willumsen, Niels Henrik"]
[Result "1/2-1/2"]
[WhiteElo "1979"]
[BlackElo "2215"]
[PlyCount "102"]
[EventDate "2007.??.??"]
[EventType "swiss"]
[EventRounds "9"]
[EventCountry "DEN"]
[SourceDate "2005.12.01"]
[WhiteTeam "Denmark"]
[BlackTeam "Denmark"]
[WhiteTeamCountry "DEN"]
[BlackTeamCountry "DEN"]

1. d4 d5 2. Nf3 Nf6 3. c3 e6 4. Bg5 c5 5. e3 Nc6 6. Nbd2 Bd6 7. Bd3 O-O 8. O-O
e5 9. dxe5 Nxe5 10. Nxe5 Bxe5 11. Nf3 Bc7 12. Qc2 h6 13. Bh4 Bg4 14. Nd2 Qe7
15. Rfe1 c4 16. Bf5 Bxh2+ 17. Kxh2 Qe5+ 18. f4 Qxf5 19. Qxf5 Bxf5 20. Bxf6 gxf6
21. e4 dxe4 22. Nxe4 Rfd8 23. Nxf6+ Kg7 24. Ne4 Rd5 25. Re3 Rd3 26. Rae1 Rad8
27. Rg3+ Kf8 28. Nf6 Rxg3 29. Kxg3 Kg7 30. Ne4 Re8 31. Kf3 h5 32. Re3 Bg4+ 33.
Kf2 Rd8 34. Kg3 f5 35. Nf2 Kf6 36. Re5 Rd2 37. Nxg4+ hxg4 38. Rc5 Rxb2 39. a4
Rc2 40. Rxc4 Ke6 41. a5 Kd6 42. Rc8 Ra2 43. Rd8+ Ke6 44. Re8+ Kf6 45. Re5 a6
46. Rd5 Rb2 47. Rd6+ Ke7 48. Rd5 Ke6 49. Re5+ Kf6 50. Rd5 Rb3 51. Rc5 Kg6
1/2-1/2

[Event "Baltic Sea Cup"]
[Site "Ronne"]
[Date "2007.08.02"]
[Round "5.21"]
[White "Wiwe, Andreas"]
[Black "Pedersen, Martin Rosenkilde"]
[Result "1/2-1/2"]
[WhiteElo "2187"]
[BlackElo "2163"]
[PlyCount "68"]
[EventDate "2007.??.??"]
[EventType "swiss"]
[EventRounds "9"]
[EventCountry "DEN"]
[SourceDate "2005.12.01"]
[WhiteTeam "Denmark"]
[BlackTeam "Denmark"]
[WhiteTeamCountry "DEN"]
[BlackTeamCountry "DEN"]

1. e4 c5 2. Nf3 e6 3. d4 cxd4 4. Nxd4 Nc6 5. Nc3 Qc7 6. Be3 a6 7. Qd2 Nf6 8. f3
Ne5 9. g4 h6 10. O-O-O Bb4 11. Bd3 Bxc3 12. Qxc3 Qxc3 13. bxc3 d5 14. exd5 Nxd5
15. Bd2 Bd7 16. Rde1 Nxd3+ 17. cxd3 Rc8 18. Kb2 O-O 19. h4 Rfe8 20. f4 f6 21.
g5 h5 22. Rh2 e5 23. fxe5 fxe5 24. Nf3 Nf4 25. Bxf4 exf4 26. Ne5 Bg4 27. Rf2
Rc5 28. d4 Rb5+ 29. Kc1 Rc8 30. c4 Be6 31. Rc2 Bf5 32. Rb2 Rd5 33. Rd2 Rb5 34.
Rb2 Rd5 1/2-1/2

[Event "Baltic Sea Cup"]
[Site "Ronne"]
[Date "2007.08.02"]
[Round "5.22"]
[White "Maas, Thomas"]
[Black "Hoi, Carsten"]
[Result "0-1"]
[WhiteElo "2071"]
[BlackElo "2422"]
[PlyCount "72"]
[EventDate "2007.??.??"]
[EventType "swiss"]
[EventRounds "9"]
[EventCountry "DEN"]
[SourceDate "2005.12.01"]
[WhiteTeam "Denmark"]
[BlackTeam "Denmark"]
[WhiteTeamCountry "DEN"]
[BlackTeamCountry "DEN"]

1. e4 g6 2. d4 Bg7 3. Nc3 d6 4. f4 Nc6 5. Be3 Nf6 6. Be2 O-O 7. d5 Nb8 8. Nf3
c6 9. O-O cxd5 10. exd5 Nbd7 11. f5 Ng4 12. Bd4 Bxd4+ 13. Qxd4 Qb6 14. fxg6
hxg6 15. Nd1 Nge5 16. Qxb6 Nxf3+ 17. Rxf3 Nxb6 18. Ne3 Nd7 19. Rf4 a5 20. Raf1
Nc5 21. h4 Bd7 22. R1f3 Kg7 23. Rg3 Kh7 24. Bg4 f5 25. Bh3 e5 26. dxe6 Nxe6 27.
Rf1 Nd4 28. Rf2 Rae8 29. c3 Ne6 30. Nd5 Bc6 31. Rd3 Nc5 32. Rd1 Ne4 33. Re2 Re5
34. Nf4 Ng3 35. Red2 Ne4 36. Rd4 g5 0-1

[Event "Baltic Sea Cup"]
[Site "Ronne"]
[Date "2007.08.02"]
[Round "5.23"]
[White "Schiendorfer, Florian"]
[Black "Titu Maiorescu, Dorin"]
[Result "1/2-1/2"]
[WhiteElo "2059"]
[BlackElo "2273"]
[PlyCount "130"]
[EventDate "2007.??.??"]
[EventType "swiss"]
[EventRounds "9"]
[EventCountry "DEN"]
[SourceDate "2005.12.01"]
[WhiteTeam "Denmark"]
[BlackTeam "Denmark"]
[WhiteTeamCountry "DEN"]
[BlackTeamCountry "DEN"]

1. d4 b6 2. Bf4 Bb7 3. e3 e6 4. Nf3 d6 5. Bd3 Be7 6. a4 a6 7. c4 g5 8. Bg3 g4
9. Nfd2 h5 10. f3 h4 11. Bf2 h3 12. gxh3 gxf3 13. e4 Bh4 14. Rf1 Nc6 15. d5 Ne5
16. Nxf3 Bxf2+ 17. Rxf2 Qe7 18. Nxe5 dxe5 19. Qf3 f6 20. Nc3 O-O-O 21. O-O-O
Kb8 22. Rg1 Bc8 23. Qe3 exd5 24. Nxd5 Qd7 25. Rf3 Ne7 26. a5 Nxd5 27. cxd5 Qd6
28. axb6 cxb6 29. Kb1 Ka7 30. Rg6 Rdf8 31. Rg7+ Kb8 32. Qe2 Rhg8 33. Rfg3 Rxg7
34. Rxg7 f5 35. Bxa6 Qf6 36. Rg1 f4 37. Bxc8 f3 38. Qf2 Rxc8 39. Rf1 Rf8 40.
Rc1 Rc8 41. Rxc8+ Kxc8 42. Kc2 Qf4 43. Kd3 Kb7 44. h4 Qf7 45. b3 Ka7 46. b4 Ka6
47. Qf1 Kb7 48. b5 Qf4 49. d6 f2 50. Ke2 Qxe4+ 51. Kxf2 Kb8 52. Qd1 Qxh4+ 53.
Kg2 Qe4+ 54. Kg1 Qg6+ 55. Kf2 Qf5+ 56. Ke3 Qf4+ 57. Kd3 Qd4+ 58. Ke2 Qb2+ 59.
Ke3 Qxh2 60. Ke4 Qf4+ 61. Kd5 Kb7 62. Ke6 Qh6+ 63. Kxe5 Qg5+ 64. Ke6 Qg6+ 65.
Ke5 Qg5+ 1/2-1/2

[Event "Baltic Sea Cup"]
[Site "Ronne"]
[Date "2007.08.02"]
[Round "5.24"]
[White "Tallaksen, Levi Andre"]
[Black "Ostergaard, Jens"]
[Result "1/2-1/2"]
[WhiteElo "2037"]
[BlackElo "2256"]
[PlyCount "146"]
[EventDate "2007.??.??"]
[EventType "swiss"]
[EventRounds "9"]
[EventCountry "DEN"]
[SourceDate "2005.12.01"]
[WhiteTeam "Denmark"]
[BlackTeam "Denmark"]
[WhiteTeamCountry "DEN"]
[BlackTeamCountry "DEN"]

1. d4 Nf6 2. Nf3 e6 3. c4 b6 4. a3 Bb7 5. Nc3 d5 6. e3 Be7 7. Be2 O-O 8. O-O c5
9. dxc5 bxc5 10. cxd5 exd5 11. b3 Nc6 12. Bb2 Na5 13. Rb1 Rb8 14. Na4 Ne4 15.
b4 cxb4 16. axb4 Nc4 17. Bd4 Bc6 18. Nc5 Bxc5 19. Bxc5 Nxc5 20. bxc5 Rxb1 21.
Qxb1 Qe7 22. Rc1 Qxc5 23. Ng5 g6 24. h4 Bd7 25. e4 Qe7 26. Qb7 h6 27. Nf3 Nb6
28. Qxa7 dxe4 29. Qxb6 exf3 30. Bxf3 Qxh4 31. Qd6 Be6 32. Rd1 Qg5 33. Bb7 Re8
34. Qd4 Bb3 35. Rb1 Rd8 36. Qc3 Be6 37. Bf3 Rc8 38. Qb2 Qc5 39. Be4 Qc3 40. Qb6
Kg7 41. Rd1 Bg4 42. Rb1 Qd2 43. Qb5 Qd4 44. Qb2 Qxb2 45. Rxb2 Rc5 46. g3 g5 47.
Kg2 Be6 48. Rb7 Rc4 49. f3 h5 50. Rb5 Kf6 51. Rb2 Rc5 52. Re2 Bc4 53. Rd2 Rc8
54. Kf2 Rb8 55. Rc2 Be6 56. Rd2 Rb3 57. Kg2 Ke5 58. Kf2 h4 59. gxh4 gxh4 60.
Kg2 Kf4 61. Rf2 Rb5 62. Rc2 h3+ 63. Kh2 Bf5 64. Bxf5 Rxf5 65. Kxh3 Rg5 66. Rc3
Rg3+ 67. Kh2 Rxf3 68. Rc4+ Kg5 69. Kg2 Ra3 70. Kf2 f5 71. Rb4 f4 72. Rb8 Kg4
73. Rg8+ Kf5 1/2-1/2

[Event "Baltic Sea Cup"]
[Site "Ronne"]
[Date "2007.08.02"]
[Round "5.25"]
[White "Kasparova, Tatiana"]
[Black "Andersen, Daniel"]
[Result "1-0"]
[WhiteElo "2217"]
[BlackElo "1997"]
[PlyCount "83"]
[EventDate "2007.??.??"]
[EventType "swiss"]
[EventRounds "9"]
[EventCountry "DEN"]
[SourceDate "2005.12.01"]
[WhiteTeam "Denmark"]
[BlackTeam "Denmark"]
[WhiteTeamCountry "DEN"]
[BlackTeamCountry "DEN"]

1. e4 e6 2. d3 c5 3. Nf3 Nc6 4. g3 g6 5. Bg2 Bg7 6. O-O Nge7 7. c3 O-O 8. Be3
d6 9. Qd2 Re8 10. Na3 Rb8 11. d4 b6 12. Rfd1 Bb7 13. Bh6 cxd4 14. Bxg7 Kxg7 15.
Nxd4 d5 16. Nxc6 Bxc6 17. c4 d4 18. Qxd4+ Qxd4 19. Rxd4 e5 20. Rd6 Red8 21.
Rad1 Rxd6 22. Rxd6 b5 23. b3 bxc4 24. Nxc4 f6 25. f4 Rb7 26. Bf1 Rd7 27. Kf2
Bb5 28. Rxd7 Bxd7 29. Nd6 Nc8 30. Nb7 Bc6 31. Nc5 Nd6 32. b4 Kf7 33. a4 Ke7 34.
b5 Nb7 35. Na6 Be8 36. Nb4 Kd6 37. Ke3 Nc5 38. a5 Nb3 39. b6 axb6 40. a6 Bc6
41. Nxc6 Kxc6 42. Bc4 1-0

[Event "Baltic Sea Cup"]
[Site "Ronne"]
[Date "2007.08.02"]
[Round "5.26"]
[White "Hornsgaard, Jens Boe"]
[Black "Svendsen, Mads Bilde"]
[Result "0-1"]
[WhiteElo "2052"]
[BlackElo "2178"]
[PlyCount "82"]
[EventDate "2007.??.??"]
[EventType "swiss"]
[EventRounds "9"]
[EventCountry "DEN"]
[SourceDate "2005.12.01"]
[WhiteTeam "Denmark"]
[BlackTeam "Denmark"]
[WhiteTeamCountry "DEN"]
[BlackTeamCountry "DEN"]

1. e4 c5 2. Nf3 g6 3. d4 cxd4 4. Nxd4 Nc6 5. Nc3 Bg7 6. Be3 Nf6 7. Bc4 Qa5 8.
O-O O-O 9. Bb3 d6 10. h3 Bd7 11. f4 Qh5 12. Qxh5 Nxh5 13. Rad1 Nf6 14. a3 Rfd8
15. g4 Nxd4 16. Bxd4 Bc6 17. Rfe1 Nd7 18. Kf2 Nc5 19. Ba2 Bxd4+ 20. Rxd4 e5 21.
Rd2 exf4 22. Kf3 g5 23. Red1 Re8 24. Bd5 Nd7 25. Bxc6 bxc6 26. Rxd6 Ne5+ 27.
Kf2 Re6 28. b3 Kf8 29. R6d4 Ke7 30. Na4 h5 31. Nc5 Rh6 32. Nd7 Ng6 33. gxh5
Rxh5 34. R1d3 g4 35. hxg4 Rh2+ 36. Kf3 Rah8 37. e5 R8h3+ 38. Ke4 Re2+ 39. Kf5
f3 40. Re4 f2 41. Rd1 Rf3+ 0-1

[Event "Baltic Sea Cup"]
[Site "Ronne"]
[Date "2007.08.02"]
[Round "5.27"]
[White "Glibstrup, Michael"]
[Black "Poulsen, Iver"]
[Result "1-0"]
[WhiteElo "1969"]
[BlackElo "2178"]
[PlyCount "59"]
[EventDate "2007.??.??"]
[EventType "swiss"]
[EventRounds "9"]
[EventCountry "DEN"]
[SourceDate "2005.12.01"]
[WhiteTeam "Denmark"]
[BlackTeam "Denmark"]
[WhiteTeamCountry "DEN"]
[BlackTeamCountry "DEN"]

1. c4 e6 2. Nc3 d5 3. d4 c6 4. cxd5 exd5 5. Nf3 Nf6 6. Bg5 h6 7. Bh4 Bf5 8. e3
Qb6 9. Qc1 Nbd7 10. Be2 Bd6 11. O-O O-O 12. a3 Ne4 13. Nd2 Rae8 14. Ndxe4 Bxe4
15. f3 Bh7 16. b4 Qc7 17. f4 Be4 18. Nxe4 Rxe4 19. Bd3 Ree8 20. g4 g5 21. Bg3
Re7 22. Rf3 f6 23. Qc2 Kg7 24. Raf1 Rfe8 25. fxg5 hxg5 26. Bh7 Bxg3 27. Qg6+
Kh8 28. Rxg3 Rf8 29. Rh3 Rg7 30. Qh6 1-0

[Event "Baltic Sea Cup"]
[Site "Ronne"]
[Date "2007.08.02"]
[Round "5.28"]
[White "Glibstrup, Jakob"]
[Black "Petersen, Steen Brustrup"]
[Result "1/2-1/2"]
[WhiteElo "1939"]
[BlackElo "2165"]
[PlyCount "97"]
[EventDate "2007.??.??"]
[EventType "swiss"]
[EventRounds "9"]
[EventCountry "DEN"]
[SourceDate "2005.12.01"]
[WhiteTeam "Denmark"]
[BlackTeam "Denmark"]
[WhiteTeamCountry "DEN"]
[BlackTeamCountry "DEN"]

1. e4 e5 2. Nf3 Nc6 3. Bb5 a6 4. Ba4 Nf6 5. O-O Be7 6. Re1 b5 7. Bb3 d6 8. h3
O-O 9. c3 Bb7 10. d4 Re8 11. Nbd2 Bf8 12. a3 h6 13. Bc2 Qd7 14. d5 Ne7 15. Nf1
c6 16. dxc6 Nxc6 17. Ne3 Ne7 18. b4 Qc7 19. Ng4 Nxg4 20. hxg4 Qxc3 21. Bd2 Qc8
22. g5 Qg4 23. gxh6 gxh6 24. Be3 Rac8 25. Rc1 Ng6 26. Qd2 Rxc2 27. Qxc2 Bxe4
28. Qe2 d5 29. Rc7 Bd6 30. Ra7 Re6 31. Bxh6 Nf4 32. Ra8+ Kh7 33. Ng5+ Qxg5 34.
Bxg5 Nxe2+ 35. Rxe2 Rg6 36. f3 Bd3 37. Re3 Bc4 38. Bh4 d4 39. Re1 d3 40. Rd1 f5
41. Bf2 e4 42. Bd4 Re6 43. Kf2 e3+ 44. Bxe3 f4 45. Bc1 Re2+ 46. Kg1 Be5 47. Rd8
Kg6 48. Kh2 Kf5 49. Rf8+ 1/2-1/2

[Event "Baltic Sea Cup"]
[Site "Ronne"]
[Date "2007.08.02"]
[Round "5.29"]
[White "Christiansen, Jens Jorgen"]
[Black "Frisk, Hans"]
[Result "1-0"]
[WhiteElo "2159"]
[BlackElo "2028"]
[PlyCount "94"]
[EventDate "2007.??.??"]
[EventType "swiss"]
[EventRounds "9"]
[EventCountry "DEN"]
[SourceDate "2005.12.01"]
[WhiteTeam "Denmark"]
[BlackTeam "Denmark"]
[WhiteTeamCountry "DEN"]
[BlackTeamCountry "DEN"]

1. d4 d5 2. c4 dxc4 3. e4 e5 4. Nf3 Bb4+ 5. Bd2 Bxd2+ 6. Nbxd2 exd4 7. Bxc4 Nc6
8. O-O Nh6 9. h3 O-O 10. Nb3 Be6 11. Bxe6 fxe6 12. Nbxd4 Nxd4 13. Qxd4 Qxd4 14.
Nxd4 Kf7 15. Nb5 a6 16. Nxc7 Rac8 17. Rac1 Rfd8 18. Rc2 Rd7 19. Rfc1 Rd4 20. f3
Ng8 21. a3 Ra4 22. Rc3 Ne7 23. Nd5 exd5 24. Rxc8 Nxc8 25. Rxc8 dxe4 26. Rc7+
Kf6 27. Rxb7 exf3 28. gxf3 h5 29. Kf2 g6 30. Rb6+ Kf5 31. Ke3 Ra5 32. Rb4 Re5+
33. Re4 Ra5 34. f4 g5 35. fxg5 Kxg5 36. Kd3 Kf5 37. Rh4 Kg5 38. Rd4 Rf5 39. h4+
Kf6 40. Rd6+ Ke5 41. Rxa6 Rf3+ 42. Kc2 Rf2+ 43. Kb3 Rf3+ 44. Ka2 Rf4 45. Ra5+
Kf6 46. Rxh5 Kg6 47. Re5 Rxh4 1-0

[Event "Baltic Sea Cup"]
[Site "Ronne"]
[Date "2007.08.02"]
[Round "5.30"]
[White "Lillelokken, Kjell Arne"]
[Black "Holm, Ragnar"]
[Result "1/2-1/2"]
[WhiteElo "1898"]
[BlackElo "2153"]
[PlyCount "52"]
[EventDate "2007.??.??"]
[EventType "swiss"]
[EventRounds "9"]
[EventCountry "DEN"]
[SourceDate "2005.12.01"]
[WhiteTeam "Denmark"]
[BlackTeam "Denmark"]
[WhiteTeamCountry "DEN"]
[BlackTeamCountry "DEN"]

1. f4 Nf6 2. Nf3 c5 3. g3 g6 4. Bg2 Bg7 5. O-O O-O 6. d3 d5 7. Nc3 d4 8. Ne4
Nxe4 9. dxe4 Nc6 10. e3 b6 11. exd4 Nxd4 12. c3 Nxf3+ 13. Qxf3 Bb7 14. f5 gxf5
15. Qxf5 Qc8 16. Qh5 Qe6 17. Bg5 Rae8 18. Rae1 Qg6 19. Qh4 f6 20. Bc1 Qf7 21.
Rf5 Bc8 22. Rh5 e5 23. Bf3 f5 24. Rf1 fxe4 25. Qxe4 Qg6 26. Rh4 Bf5 1/2-1/2

[Event "Baltic Sea Cup"]
[Site "Ronne"]
[Date "2007.08.02"]
[Round "5.31"]
[White "Radil, Casper"]
[Black "Knudsen, Jes West"]
[Result "1-0"]
[WhiteElo "2107"]
[BlackElo "1990"]
[PlyCount "43"]
[EventDate "2007.??.??"]
[EventType "swiss"]
[EventRounds "9"]
[EventCountry "DEN"]
[SourceDate "2005.12.01"]
[WhiteTeam "Denmark"]
[BlackTeam "Denmark"]
[WhiteTeamCountry "DEN"]
[BlackTeamCountry "DEN"]

1. e4 d5 2. exd5 Nf6 3. d4 Nxd5 4. c4 Nb6 5. Nc3 e5 6. d5 c6 7. Be3 Bb4 8. Qb3
Bxc3+ 9. Qxc3 O-O 10. d6 N8d7 11. O-O-O Re8 12. g4 Rb8 13. b3 c5 14. Bg2 Na8
15. Nh3 f6 16. g5 f5 17. Bd5+ Kh8 18. f4 e4 19. g6 h6 20. Ng5 hxg5 21. Bd4 g4
22. Bxg7# 1-0

[Event "Baltic Sea Cup"]
[Site "Ronne"]
[Date "2007.08.02"]
[Round "5.32"]
[White "Stovring, Claus"]
[Black "Boje, Tobias Rosholm"]
[Result "1/2-1/2"]
[WhiteElo "2089"]
[BlackElo "1931"]
[PlyCount "50"]
[EventDate "2007.??.??"]
[EventType "swiss"]
[EventRounds "9"]
[EventCountry "DEN"]
[SourceDate "2005.12.01"]
[WhiteTeam "Denmark"]
[BlackTeam "Denmark"]
[WhiteTeamCountry "DEN"]
[BlackTeamCountry "DEN"]

1. d4 d5 2. Nc3 Nf6 3. Bg5 Nbd7 4. f3 e6 5. e4 dxe4 6. fxe4 Be7 7. Nf3 O-O 8.
Bd3 h6 9. Bxf6 Nxf6 10. Qe2 Bb4 11. a3 Ba5 12. Rd1 Qe7 13. O-O Rd8 14. e5 Nh7
15. Bxh7+ Kxh7 16. Ne4 Kg8 17. Nfg5 Rf8 18. Nf6+ Kh8 19. Qe4 g6 20. Rf3 Kg7 21.
Qh4 Rh8 22. Rh3 Bd7 23. Ngh7 Rxh7 24. Nh5+ Kf8 25. Nf6 Kg7 1/2-1/2

[Event "Baltic Sea Cup"]
[Site "Ronne"]
[Date "2007.08.02"]
[Round "5.34"]
[White "Ochsner, Bjorn Moller"]
[Black "Andersen, Lars Ren"]
[Result "0-1"]
[WhiteElo "1841"]
[BlackElo "2081"]
[PlyCount "114"]
[EventDate "2007.??.??"]
[EventType "swiss"]
[EventRounds "9"]
[EventCountry "DEN"]
[SourceDate "2005.12.01"]
[WhiteTeam "Denmark"]
[BlackTeam "Denmark"]
[WhiteTeamCountry "DEN"]
[BlackTeamCountry "DEN"]

1. e4 c5 2. Nf3 d6 3. d4 cxd4 4. Nxd4 Nf6 5. Nc3 a6 6. Be3 e5 7. Nb3 Be6 8. f3
Be7 9. Qd2 h5 10. O-O-O Nbd7 11. Bd3 Qc7 12. Kb1 Nb6 13. f4 Nc4 14. Bxc4 Bxc4
15. Nd5 Nxd5 16. exd5 Bxb3 17. axb3 exf4 18. Bxf4 O-O 19. Qe2 Rac8 20. Rd2 g6
21. g4 h4 22. g5 Qd7 23. Qf2 h3 24. Qh4 Rfe8 25. Rd3 Bf8 26. Rxh3 Bg7 27. Rd3
Re4 28. Qf2 Qf5 29. Rf1 Be5 30. Bxe5 Qxf2 31. Rxf2 Re1+ 32. Ka2 Rxe5 33. Rg2
Rc5 34. c4 b5 35. Rd4 Re1 36. Rgd2 Kf8 37. h4 Rf1 38. Ka3 a5 39. Ka2 Rc1 40.
cxb5 Rxb5 41. Rc4 Rh1 42. Rdd4 Ke7 43. Rc7+ Kd8 44. Rxf7 Rc5 45. b4 axb4 46.
Kb3 Rh3+ 47. Ka4 b3 48. Rf6 Kc7 49. Rxg6 Rc2 50. Ka3 Kb6 51. Rxd6+ Kc5 52. Rg4
Kxd6 53. g6 Rc8 54. Rg5 Rb8 55. Rg1 Rxh4 56. g7 Rg8 57. Kxb3 Rh7 0-1

[Event "Baltic Sea Cup"]
[Site "Ronne"]
[Date "2007.08.02"]
[Round "5.35"]
[White "Skjoldager, Nicklas"]
[Black "Palvig, David Kinch"]
[Result "1/2-1/2"]
[WhiteElo "2077"]
[BlackElo "1750"]
[PlyCount "112"]
[EventDate "2007.??.??"]
[EventType "swiss"]
[EventRounds "9"]
[EventCountry "DEN"]
[SourceDate "2005.12.01"]
[WhiteTeam "Denmark"]
[BlackTeam "Denmark"]
[WhiteTeamCountry "DEN"]
[BlackTeamCountry "DEN"]

1. f4 d5 2. Nf3 Nf6 3. e3 Bg4 4. h3 Bxf3 5. Qxf3 e6 6. b3 Bd6 7. Bb2 c6 8. g4
Rg8 9. g5 Ne4 10. Nc3 Nxc3 11. Bxc3 Nd7 12. Qh5 Nf8 13. a4 Qc7 14. O-O-O O-O-O
15. Kb2 e5 16. fxe5 Bxe5 17. d4 Bd6 18. Bd3 g6 19. Qf3 Ne6 20. h4 Kb8 21. e4
dxe4 22. Bxe4 Bf8 23. Rhf1 Bg7 24. Qxf7 Qxf7 25. Rxf7 Nxd4 26. Rxg7 Rxg7 27.
Rxd4 Rxd4 28. Bxd4 Rf7 29. Bf6 Kc7 30. Kc3 b6 31. Kd3 Kd6 32. Ke3 a5 33. Bd3
Rb7 34. Kf4 b5 35. Bc3 bxa4 36. bxa4 Rb1 37. h5 gxh5 38. Bxh7 Rf1+ 39. Ke3 h4
40. Be4 Rg1 41. g6 Rg3+ 42. Kd2 h3 43. g7 h2 44. Ke2 c5 45. Kf2 Rg4 46. Bf3 Rg5
47. Ke3 Ke7 48. Kf4 Rg1 49. Kf5 Rf1 50. g8=Q Rxf3+ 51. Ke5 h1=Q 52. Qe6+ Kf8
53. Qc8+ Kf7 54. Qe6+ Kf8 55. Qc8+ Kf7 56. Qe6+ Kf8 1/2-1/2

[Event "Baltic Sea Cup"]
[Site "Ronne"]
[Date "2007.08.02"]
[Round "5.36"]
[White "Nielsen, Rasmus Lundberg"]
[Black "Hoffmann, Steffen"]
[Result "1/2-1/2"]
[WhiteElo "1795"]
[BlackElo "2076"]
[PlyCount "48"]
[EventDate "2007.??.??"]
[EventType "swiss"]
[EventRounds "9"]
[EventCountry "DEN"]
[SourceDate "2005.12.01"]
[WhiteTeam "Denmark"]
[BlackTeam "Denmark"]
[WhiteTeamCountry "DEN"]
[BlackTeamCountry "DEN"]

1. d4 d5 2. c4 e6 3. Nf3 c5 4. cxd5 exd5 5. Nc3 Nc6 6. Bf4 Nf6 7. h3 cxd4 8.
Nxd4 Bb4 9. Qa4 Bd7 10. Nxc6 Bxc3+ 11. bxc3 Bxc6 12. Qb4 Qb6 13. Qxb6 axb6 14.
Be5 O-O 15. Bxf6 gxf6 16. Kd2 Rfc8 17. e3 Ra3 18. Bd3 Rca8 19. Rhc1 Rxa2+ 20.
Rxa2 Rxa2+ 21. Rc2 Ra4 22. Rb2 b5 23. g3 h6 24. Bc2 Bd7 1/2-1/2

[Event "Baltic Sea Cup"]
[Site "Ronne"]
[Date "2007.08.02"]
[Round "5.37"]
[White "Adolfssen, Rico"]
[Black "Andersen, Rune"]
[Result "0-1"]
[WhiteElo "1752"]
[BlackElo "2076"]
[PlyCount "68"]
[EventDate "2007.??.??"]
[EventType "swiss"]
[EventRounds "9"]
[EventCountry "DEN"]
[SourceDate "2005.12.01"]
[WhiteTeam "Denmark"]
[BlackTeam "Denmark"]
[WhiteTeamCountry "DEN"]
[BlackTeamCountry "DEN"]

1. f4 c5 2. Nf3 g6 3. d4 Bg7 4. dxc5 Qa5+ 5. c3 Qxc5 6. e4 Nf6 7. Bd3 Nc6 8.
Qe2 Nb4 9. Be3 Nxd3+ 10. Qxd3 Qa5 11. h3 d5 12. e5 Bf5 13. Qe2 Ne4 14. b4 Qa4
15. Rg1 a5 16. g4 Bd7 17. f5 e6 18. f6 Bf8 19. Nd4 axb4 20. Qb2 bxc3 21. Qxb7
Bb4 22. Nc2 Bc5 23. Nxc3 Qa5 24. Kf1 Bxe3 25. Nxe4 dxe4 26. Nxe3 Bb5+ 27. Kg2
O-O 28. Qxe4 Qd2+ 29. Kg3 Ra3 30. Rge1 Be2 31. Kf4 g5+ 32. Kxg5 Rxe3 33. Rxe2
Rxe2+ 34. Qf4 Rxe5+ 0-1

[Event "Baltic Sea Cup"]
[Site "Ronne"]
[Date "2007.08.02"]
[Round "5.38"]
[White "Hafner, Christian"]
[Black "Skogli, Pal"]
[Result "0-1"]
[WhiteElo "2159"]
[BlackElo "1634"]
[PlyCount "66"]
[EventDate "2007.??.??"]
[EventType "swiss"]
[EventRounds "9"]
[EventCountry "DEN"]
[SourceDate "2005.12.01"]
[WhiteTeam "Denmark"]
[BlackTeam "Denmark"]
[WhiteTeamCountry "DEN"]
[BlackTeamCountry "DEN"]

1. e4 c5 2. Nf3 g6 3. d4 cxd4 4. Nxd4 Bg7 5. Nc3 Nc6 6. Be3 d6 7. Qd2 Nxd4 8.
Bxd4 Nf6 9. f3 O-O 10. Bc4 Qc7 11. Bb3 a6 12. O-O-O b5 13. g4 Be6 14. h4 Bxb3
15. axb3 b4 16. Na4 Rab8 17. h5 e5 18. Be3 Rfc8 19. hxg6 hxg6 20. Rh2 d5 21.
exd5 Rb5 22. d6 Qc6 23. d7 Rd8 24. Qd6 Qxf3 25. Bb6 Rd5 26. Rxd5 Nxd5 27. Kb1
Qd1+ 28. Ka2 Nc3+ 29. bxc3 Qxd6 30. Bxd8 Qxd7 31. Ba5 bxc3 32. g5 e4 33. Nxc3
Qf5 0-1